Truyện cổ Mơ Nông
...
Đã lưu trong:
| Tác giả chính: | |
|---|---|
| Định dạng: | Sách |
| Năm xuất bản: |
H.
Đại học Quốc gia
2010
|
| Chủ đề: | |
| Tags: |
Thêm thẻ
Không có thẻ, Hãy là người đầu tiên gắn thẻ bản ghi này!
|
| LEADER | 00618nam a2200169 4500 | ||
|---|---|---|---|
| 082 | |a 398.209597 |b TR527c | ||
| 100 | |a Nguyễn Văn Huệ | ||
| 245 | |a Truyện cổ Mơ Nông |c Nguyễn Văn Huệ, Lưu Quang Kha, Nguyễn Vân Phổ | ||
| 260 | |a H. |b Đại học Quốc gia |c 2010 | ||
| 300 | |a 300tr. |c 21cm | ||
| 520 | |a ... | ||
| 653 | |a Truyện cổ tích Việt Nam | ||
| 653 | |a Văn học dân gian | ||
| 653 | |a Dân tộc M'nông | ||
| 942 | |2 ddc |c SH | ||
| 999 | |c 7665 |d 7665 | ||
| 952 | |0 0 |1 0 |2 ddc |4 0 |6 398_209597000000000_TR527C |7 0 |8 300 |9 68501 |a qbu |b qbu |c D2 |d 2015-03-12 |o 398.209597 TR527c |p 7839.C1 |r 0000-00-00 |w 2015-03-12 |y SH | ||